000 00301nam a2200109Ia 4500
005 20251222153605.0
008 251222s9999||||xx |||||||||||||| ||spa||
082 _a658.1/B13H/C
100 _a"Ortíz de Zevallos, Gabriel, ed."
245 0 _aHerramientas empresariales: cuaderno de trabajo
942 _cLIB
999 _c31384
_d31384